| 000 | 00595cam a2200205 4500 | ||
|---|---|---|---|
| 001 | 2671 | ||
| 005 | 20181127165453.0 | ||
| 008 | 970909s1998 nyub b 001 0 eng | ||
| 010 | _a 97065187 | ||
| 020 | _a0312116098 (pbk.) | ||
| 020 | _a0312176376 | ||
| 100 | 1 | _aStoessinger, John George. | |
| 245 | 1 | 0 |
_aWhy nations go to war / _cJohn G. Stoessinger. |
| 250 | _a7th ed. | ||
| 260 |
_aNew York : _bSt. Martin's, _cc1998. |
||
| 300 |
_axiii, 239 p. : _bmaps ; _c22 cm. |
||
| 504 | _aIncludes bibliographical references and index. | ||
| 650 | 0 |
_aHistory, Modern _y20th century. |
|
| 650 | 0 | _aWar. | |
| 999 |
_c2133 _d2133 |
||